| 000 | 01103nam a22002777a 4500 | ||
|---|---|---|---|
| 005 | 20170124103221.0 | ||
| 010 | _aA-677621 | ||
| 020 | _c150.00 | ||
| 035 | _aA-677621 | ||
| 037 | _bCen Lib/Ret | ||
| 040 |
_aDPL _bHN |
||
| 082 |
_a419.232 _bकौसल्या |
||
| 100 |
_aकौसल्यायन, भदन्त आनन्द _942531 |
||
| 245 |
_aपालि-हिन्दी कोश / _cभदन्त आनन्द कौसल्यायन |
||
| 246 | _aPali-Hindi kosh / | ||
| 250 | _a2nd ed | ||
| 260 |
_aनागपुर _bसुगत प्रकाशन _c1982 |
||
| 270 |
_a780, वैशाली नगर _bनागपुर _e440027 |
||
| 300 |
_a367पृ. _c21सेमी(सजिल्द) |
||
| 500 | _aअनुक्रमणिका शामिल | ||
| 650 |
_aहिंदी साहित्य _9114500 |
||
| 650 |
_aपाली-हिंदी कोश _954127 |
||
| 650 |
_aHindi literature _9114501 |
||
| 650 |
_aPali-Hindi dictionary _9101497 |
||
| 942 |
_2ddc _cHN _h419.232 _mकौसल्या |
||
| 999 |
_c121873 _d121873 |
||